Неопределителните местоимения в българския и полския език в съпоставителен аспект (Запис номер 103483)
[ съкратено ]
| 000 -Лидер | |
|---|---|
| Контролно поле с фиксирана дължина | 01677nam a2200373 c 4500 |
| 003 - Код на организацията, давaща контролен номер | |
| Контролно поле | BLK |
| 005 - Дата и час на последна редакция | |
| Контролно поле | 20180420230229.0 |
| 008 - Елементи от данни с фиксирана дължина | |
| fixed length control field | 180409b bul|||||r ||||||| ||bul|| |
| 010 ## - Наследен системен номер | |
| LC control number | KNG00108557000 |
| 020 ## - Международен стандартен номер на книга ISBN | |
| Международен стандартен номер на книга ISBN | 954-524-322-8 |
| -- | издат.: Унив. изд. Св. св. Кирил и Методий |
| 040 ## - Източник на каталожния запис | |
| Идентификатор на билиотеката - собственик на записа | BLK |
| 041 ## - Код за език | |
| Код за езика на текст/звукозапис или на отделно заглавие | Български |
| Код за езика КДБФ | Български |
| 080 ## - УДК | |
| Текстов определител УДК | Български език |
| УДК код - определител по УДК | 811.163.2 |
| УДК определител | -24 |
| УДК - код + определител | 811.163.2-24 |
| 080 ## - УДК | |
| Текстов определител УДК | Полски език |
| УДК код - определител по УДК | 811.162.1 |
| УДК определител | -24 |
| УДК - код + определител | 811.162.1-24 |
| 100 1# - Редна дума - Автор | |
| Автор | Мостовска, Мариола |
| Авторска отговорност | първи автор |
| R(LIN) | 99331 |
| 139 ## - Редно поле | |
| Редна дума | Мостовска, Мариола |
| Авторски знак | Моск - М 92 |
| 245 10 - Сведения за заглавието | |
| Заглавие | Неопределителните местоимения в българския и полския език в съпоставителен аспект |
| Редно поле (дума) | Мариола Мостовска. |
| 257 ## - Страна на издаване | |
| Страна на създаване/издаване | България |
| 260 ## - Област на издателските данни | |
| -- | В. Търново |
| Име на издателя, разпространителя и проч. | Унив. изд. Св. св. Кирил и Методий |
| Година на издаване | 2002 |
| Печатница | В. Търнова : Faber |
| 300 ## - Физическа характеристика | |
| Страници | 167 с. |
| Илюстрации и др. | с табл. |
| Размери/Мащаб | 20 см |
| 380 ## - Жанр | |
| Жанр | Езикознание. Филология |
| 490 1# - СЕРИИ (Колекции) | |
| Име на серия | Библиотека Филология |
| 490 1# - СЕРИИ (Колекции) | |
| -- | Подсерия |
| Име на серия | Езикознание |
| №: серия | 12 |
| 650 #4 - Допълнително описание по предмет – тема | |
| Основно описание – тема или топоним | Местоимение - в българския език - съпоставително изучаване |
| 9 (RLIN) | 309594 |
| 650 #4 - Допълнително описание по предмет – тема | |
| Основно описание – тема или топоним | Местоимение - в полския език - съпоставително изучаване |
| 9 (RLIN) | 309595 |
| 653 ## - Ключова дума – ненормативна | |
| Ключова дума | български език |
| 653 ## - Ключова дума – ненормативна | |
| Ключова дума | полски език |
| 653 ## - Ключова дума – ненормативна | |
| Ключова дума | местоимения |
| 852 ## - Местоположение | |
| Форматна сигнатура | Цб 216449 |
| 856 4# - Електронен адрес и достъп | |
| Електронен формат | pdf - файл |
| Път до файла /url/ | |
| 856 4# - Електронен адрес и достъп | |
| Електронен формат | pdf - файл |
| Път до файла /url/ | |
| 942 ## - АРТИКУЛИ | |
| Вид на библиотечния материал | Книги |
| Скрит в OPAC | Не |
| 944 ## - СЪЗДАВАНЕ И РЕДАКЦИЯ на ЗАПИСА | |
| Създаване/Редакция | Създаване |
| Дата на регистрацията/редакция | 24.10.2003 |
| Служител, извършил регистрацията/редакцията | Геновева_Генчева |
| 944 ## - СЪЗДАВАНЕ И РЕДАКЦИЯ на ЗАПИСА | |
| Създаване/Редакция | Редакция |
| Дата на регистрацията/редакция | 18.11.2003 |
| Служител, извършил регистрацията/редакцията | |
| 999 ## - СИСТЕМНИ КОНТРОЛНИ НОМЕРА | |
| Koha biblionumber | 103483 |
| Koha biblioitemnumber | 103483 |
| Код за отписване | Код за изгубен артикул | Код за повреда | Коз за рестрикции | Код за отдаване | Артикулен № | Име на библиотеката - собственик | Име на библиотеката, в която се намира в момента | Статус (Текущо местоположение) | Дата на вписване в системата | Местоположение - отдел | Цена в лева | Инвентарен номер | Систематично азбучна сигнатура | Баркод | Номер на екземпляра | Цена в евро | Служебна бележка | Служебен тип на артикула |
|---|---|---|---|---|---|---|---|---|---|---|---|---|---|---|---|---|---|---|
| Не е изгубен | Не е повреден | без рестрикции | ползва се в читалня | 166953 | Регионална библиотека "Любен Каравелов" Русе | Регионална библиотека "Любен Каравелов" Русе | Хранилище | 2003-10-24 | Хранилище | 0.00 | 120000679388 | Цб 216449 | 120000679388 | 1 | 0.00 | Дост: Dp Вид: Д N: 44 Дата: 23.10.2002 | Книги |